/ ​ اردو صحافت کا استفاثا (Record no. 109282)

MARC details
000 -LEADER
fixed length control field 00838nam a22002537a 4500
005 - DATE AND TIME OF LATEST TRANSACTION
control field 20170123162351.0
010 ## - LIBRARY OF CONGRESS CONTROL NUMBER
LC control number A-697388
020 ## - INTERNATIONAL STANDARD BOOK NUMBER
Terms of availability 60.00
035 ## - SYSTEM CONTROL NUMBER
System control number A-697388
037 ## - SOURCE OF ACQUISITION
Source of stock number/acquisition Cen Lib / Ret
040 ## - CATALOGING SOURCE
Original cataloging agency DPL
Language of cataloging UR
082 ## - DEWEY DECIMAL CLASSIFICATION NUMBER
Classification number 070
Item number ب ر و
100 ## - MAIN ENTRY--PERSONAL NAME
Personal name ردولوی، پروانہ
9 (RLIN) 111779
245 ## - TITLE STATEMENT
Title / ​ اردو صحافت کا استفاثا
Statement of responsibility, etc پروانہ ردولوی
246 ## - VARYING FORM OF TITLE
Title proper/short title Urdu shafat ka istfasa /
Remainder of title Parwana Ridaulvi
260 ## - PUBLICATION, DISTRIBUTION, ETC. (IMPRINT)
Place of publication, distribution, etc نی دلہی
Name of publisher, distributor, etc حیا پبلشنگ ہاؤس
Date of publication, distribution, etc 1994
270 ## - ADDRESS
Address حوس مالویہ نگر
City نی دلہی
Postal code 110017
300 ## - PHYSICAL DESCRIPTION
Extent 96p.
Dimensions 20cm (Hb)
650 ## - SUBJECT ADDED ENTRY--TOPICAL TERM
Topical term or geographic name as entry element اردوادب
9 (RLIN) 137168
650 ## - SUBJECT ADDED ENTRY--TOPICAL TERM
Topical term or geographic name as entry element اردو تعلیم
9 (RLIN) 137169
650 ## - SUBJECT ADDED ENTRY--TOPICAL TERM
Topical term or geographic name as entry element Urdu Literature
9 (RLIN) 137170
650 ## - SUBJECT ADDED ENTRY--TOPICAL TERM
Topical term or geographic name as entry element Urdu-- Education
9 (RLIN) 114094
942 ## - ADDED ENTRY ELEMENTS (KOHA)
Source of classification or shelving scheme Dewey Decimal Classification
Koha item type Urdu Bks
Classification part 070
Call number suffix ب ر و
Holdings
Withdrawn status Lost status Damaged status Not for loan Home library Current library Date acquired Source of acquisition Cost, normal purchase price Total Checkouts Full call number Barcode Date last seen Copy number Cost, replacement price Price effective from Koha item type
        Central Library Central Library 02/03/2016 Cen Lib/Ref 60.00   070 ب ر و A-697388 02/03/2016 1 60.00 02/03/2016 Urdu Bks

© Delhi Public Library
Hit Counter
free hit counter